<?xml version="1.0" encoding="UTF-8"?>
<marc:record xmlns:marc="http://www.loc.gov/MARC21/slim">
   <marc:leader>00000nam a2200000 a 4500</marc:leader>
   <marc:datafield ind1="1" ind2=" " tag="100">
      <marc:subfield code="a">Jung, Jochen</marc:subfield>
      <marc:subfield code="4">aut</marc:subfield>
      <marc:subfield code="e">Verfasser/-in</marc:subfield>
   </marc:datafield>
   <marc:datafield ind1="0" ind2="0" tag="245">
      <marc:subfield code="a">Wolkenherz</marc:subfield>
   </marc:datafield>
   <marc:datafield ind1="0" ind2="0" tag="245">
      <marc:subfield code="b">eine Geschichte</marc:subfield>
   </marc:datafield>
   <marc:datafield ind1="0" ind2="0" tag="245">
      <marc:subfield code="c">Jochen Jung</marc:subfield>
   </marc:datafield>
   <marc:datafield ind1=" " ind2="1" tag="264">
      <marc:subfield code="a">Innsbruck</marc:subfield>
      <marc:subfield code="b">Haymon</marc:subfield>
      <marc:subfield code="c">2012</marc:subfield>
   </marc:datafield>
   <marc:datafield ind1="1" ind2=" " tag="520">
      <marc:subfield code="a">Angaben aus der Verlagsmeldung

Wolkenherz : Eine Geschichte / von Jochen Jung

Was hier bisweilen wie ein Märchen klingt, ist vielleicht sogar eines. Der junge Mann, von dem erzählt wird, mag Wind und Wolken, die Möwen und das Meer, aber keine Beerdigungen. So läuft er von der seiner Mutter geradewegs davon und fährt lieber dorthin, wo sie herkam, in ein kleines Dorf an der Küste im Norden. Prompt lädt ihn dort eine raue Schönheit in ihr Haus ein, das sie mit ihrer Mutter und einer jungen Blonden bewohnt. Energisch und sanft, klug und sehnsuchtsvoll – anziehend ist jede der drei Frauen, und er ergibt sich einer nach der anderen.
Mit wunderbarer Leichtigkeit und stets in der Balance zwischen Ernst und Ironie entfaltet Jochen Jung die Geschichte eines Suchenden. Gleichzeitig ist es eine Liebeserklärung an das Leben im Norden – und überhaupt.
</marc:subfield>
   </marc:datafield>
   <marc:datafield ind1=" " ind2=" " tag="020">
      <marc:subfield code="a">9783852187617</marc:subfield>
      <marc:subfield code="9">9783852187617</marc:subfield>
   </marc:datafield>
   <marc:datafield ind1=" " ind2=" " tag="020">
      <marc:subfield code="a">3852187613</marc:subfield>
      <marc:subfield code="9">3852187613</marc:subfield>
   </marc:datafield>
   <marc:datafield ind1=" " ind2=" " tag="041">
      <marc:subfield code="a">ger</marc:subfield>
   </marc:datafield>
   <marc:datafield ind1=" " ind2=" " tag="300">
      <marc:subfield code="a">140 S.</marc:subfield>
   </marc:datafield>
</marc:record>
